Stanisław Łubieński

Titel: Stanisław Łubieński : pasterz, polityk i pisarz 1574 - 1640 / Waldemar Graczyk
Verfasser:
Veröffentlicht: Kraków : Tyniec - Wydawn. Benedyktynów, 2005
Umfang: 484, [4] S. : Ill.
Format: Buch
Sprache: Polnisch
ISBN: 8373541268
Buchumschlag
X
Lokale Klassifikation: 2 L 1205
alg: 28693058
001A    $03004:06-01-12 
001B    $01999:15-05-21 $t20:51:54.000 
001C    $03004:06-01-12 $t12:43:08.000 
001D    $03004:06-01-12 
001U    $0utf8 
001X    $00 
002@    $0Aau 
003@    $0286930587 
003O    $060346864 $aOCoLC 
004A    $083-7354-126-8 
007A    $0286930587 $aHEB 
007G    $0DE0201FC29751DF69EF8DC125798A005212F9 
007T    $0Herdk71571 
009P    $qapplication/pdf $A2 $3Inhaltsverzeichnis $uhttp://scans.hebis.de/HEBCGI/show.pl?28693058_toc.pdf $mV:DE-603;B:DE-Mb50 
010@    $apol 
011@    $a2005 $n2005 
021A    $aStanisław Łubieński $dpasterz, polityk i pisarz 1574 - 1640 $hWaldemar Graczyk 
028A    $7113330415X $8Graczyk, Waldemar$Z1964- [Tp3] $9403911346 
033A    $pKraków $nTyniec - Wydawn. Benedyktynów 
034D    $a484, [4] S. 
034M    $aIll. 
037A    $aZsfassung in dt. u. engl. Sprache 
039U    $8--Aox--Makarczyk, Irena. Graczyk, Waldemar. Stanisław Łubieński. - Kraków : Tyniec - Wydawn. Benedyktynów. -  2005 [Rezension], 2006 $9394901800 
039U    $8--Aox--Mandziuk, Józef. Graczyk, Waldemar. Stanisław Łubieński. - Kraków : Tyniec - Wydawn. Benedyktynów. -  2005 [Rezension], 2005 $9395127408 
039U    $8--Aox--Staniszewski, Paweł. Graczyk, Waldemar. Stanisław Łubieński. - Kraków : Tyniec - Wydawn. Benedyktynów. -  2005 [Rezension], 2005 $9395295955 
045F    $a929.09438 $eDDC23BSB 
045F/01 $a929 
045F/03 $g438 

lok: 28693058 24
101B    $006-01-12 $t12:43:08.000 
101C    $006-01-12 
101U    $0utf8 
145Z/01 $a2 L 1205 

exp: 28693058 24 1 #EPN
201B/01 $006-01-12 $t12:43:08.000 
201C/01 $006-01-12 
201U/01 $0utf8 
203@/01 $0636212297 
208@/01 $a06-01-12 $bz 
209A/01 $a11.10092 $du $f050 $h11 10092 $x00 
209C/01 $a11.10092 K $h11 10092 K 
209G/01 $a72918410 $x00 
220C/01 $anie 
244Z/01 $#Lubienietz, Stanislaus de $#Lubieniecki, Stanisław $#Lubieniecki, Stanislaus $#Lubieniecius, Stanislaus $#Lubienietski, Stanislaus $#Lubienski, Stanislaus $#Lubienius, Stanislaus $7102504083 $8--Tp1--Łubieński, Stanisław$Z1573-1640 $x01 $9138092699 
247C/01 $8358050-7 Marburg, Bibliothek des Herder-Instituts Marburg $9102600961 

lok: 28693058 78

exp: 28693058 78 1 #EPN
201B/01 $019-07-21 $t22:41:37.000 
201U/01 $0utf8 
203@/01 $0792314972 
208@/01 $a12-11-16 $be 
209A/01 $a/ $f000 $x00 
220C/01 $aTitelaufnehmer: pbb 
220C/01 $aHerkunft: PBB/IH PAN 
237A/01 $aniem. res.; ang. res.. - weiterführende Signatur(en): Herder-Institut: 11.10092 
244Z/01 $2Trx $#Poola $#Lenkija $#Polija $#Polen Land $#Poland $#Lengyelország $#Poľsko $#Polsko $8--Trx--Polska$gkraj $x01 $9391345966 
244Z/01 $#Płock Diözese $74115998-6 $8--Tg1--Diözese Płock $x02 $9085353132 
244Z/01 $aGeschichte 1574-1640 $x03 
244Z/01 $2Trx $#Lubieniecki, Stanisław $8--Trx--Lubieński, Stanisław$Z1573-1640 $x04 $9391084100 
244Z/01 $2Trx $#piiskopid, rooma-katolikud $#vyskupai, Romos katalikų $#Catholic bishops $#püspökök, római-katolikus $#biskupi rzymskokatoliccy $#biskupi rímsko-katolícki $#biskupové římsko-katoličtí $#Weihbischöfe $#bishops, auxiliary $#biskupi pomocniczy $8--Trx--Bischöfe, römisch-katholische $x05 $9391381849 
244Z/01 $2Trx $#poliitikud $#politikai $#politicians $#politikus $#politycy $#politici $#politici $#Staatsmänner $#štátnici $#státníci $8--Trx--Politiker $x06 $9391382128 
244Z/01 $2Trx $#kirjanikud $#rašytojai $#writers $#írók $#pisarze $#spisovatelia $#spisovatelé $8--Trx--Schriftsteller $x07 $9391382659 
244Z/01 $2Trx $8--Trx--Monographie $x08 $9391384546 
244Z/01 $2Trx $#biograafiad $#biografijos $#biography $#életrajzok $#biografia $#biografie $#biografie $8--Trx--Biographie $x09 $9391352938 
245Z/01 $a12.03 $x01 
247C/01 $82080>Marburg/Lahn, Herder-Institut, Forschungsbibliothek, Bibliographieportal $9336309341
LEADER 00000cam a2200000 c 4500
001 286930587
003 DE-603
005 20210515205154.0
007 tu
008 120106s2005 xx |||| | u00||u|pol c
020 |a 8373541268 
035 |a (DE-599)HEB286930587 
035 |a (OCoLC)60346864 
040 |a DE-603  |b ger  |c DE-603  |d DE-603 
041 |a pol 
082 0 4 |8 1\u  |a 929.09438  |q DE-101  |2 23/BSB 
085 |8 1\u  |b 929 
085 |8 1\u  |z 2  |s 438 
100 1 |a Graczyk, Waldemar  |d 1964-  |0 (DE-603)403911346  |0 (DE-588)113330415X  |2 gnd 
245 0 0 |a Stanisław Łubieński  |b pasterz, polityk i pisarz 1574 - 1640  |c Waldemar Graczyk 
264 1 |a Kraków  |b Tyniec - Wydawn. Benedyktynów  |c 2005 
300 |a 484, [4] S.  |b Ill. 
500 |a Zsfassung in dt. u. engl. Sprache 
787 0 8 |i Rezensiert in  |a Makarczyk, Irena  |t Graczyk, Waldemar. Stanisław Łubieński. - Kraków : Tyniec - Wydawn. Benedyktynów. - 2005 [Rezension]  |w (DE-603)394901800 
787 0 8 |i Rezensiert in  |a Mandziuk, Józef  |t Graczyk, Waldemar. Stanisław Łubieński. - Kraków : Tyniec - Wydawn. Benedyktynów. - 2005 [Rezension]  |w (DE-603)395127408 
787 0 8 |i Rezensiert in  |a Staniszewski, Paweł  |t Graczyk, Waldemar. Stanisław Łubieński. - Kraków : Tyniec - Wydawn. Benedyktynów. - 2005 [Rezension]  |w (DE-603)395295955 
856 4 2 |m V:DE-603;B:DE-Mb50  |q application/pdf  |u http://scans.hebis.de/HEBCGI/show.pl?28693058_toc.pdf  |3 Inhaltsverzeichnis 
924 0 |9 Mb 50  |a (DE-603)636212297  |b DE-Mb50  |c HES  |d c  |g 11.10092 
924 0 |9 2080  |a (DE-603)792314972  |b DE-2080  |c HES  |d d  |g /